The handbook of communication skills

Bibliographic Details
Main Author: Hurst, Bernice
Format: Book
Published: London : Kogan Page , 1996
Edition:2nd. ed.
Subjects:

MARC

LEADER 00000cam a2200000 7i4500
001 0000000372
005 19991123.0
020 |a 0749418400 
040 |a INS 
090 0 0 |a 65845   |b HUR 
100 1 |a Hurst, Bernice 
245 1 4 |a The handbook of communication skills   |c by Bernice Hurst 
250 |a 2nd. ed. 
260 |a London :   |b Kogan Page ,   |c 1996 
300 |a 320p. 
650 0 0 |a Communication in organizational 
999 |a 0000006523   |b BOOK   |c Open Shelf   |e Default branch